|
|
|
|
| LEADER |
00000nab a2200000ua 4500 |
| 001 |
vtls010842355 |
| 003 |
SK-MaSNL |
| 005 |
20260303144047.0 |
| 008 |
230222s1981 xo |||||||||||||||||eng| |
| 035 |
|
|
|a (urnnbn)urn:nbn:sk:snk:ar-a06z8d
|
| 035 |
|
|
|a urn:nbn:sk:snk-ab64p0
|
| 035 |
|
|
|a (uuid)93b185a7-e27e-4948-9039-3d26e6b76023
|
| 040 |
|
|
|a SNKBUCL
|b slo
|c SNKBUCL
|e AACR2
|
| 041 |
0 |
|
|a eng
|
| 044 |
|
|
|a xo
|c SK
|
| 100 |
1 |
|
|a Pawliková-Vilhanová, Viera,
|d 1944-2019
|4 aut
|9 155560
|
| 245 |
1 |
0 |
|a SOME REMARKS ON THE STUDY OF THE EARLY ANTI-COLONIAL STRUGGLE IN AFRICAN CONDITIONS
|c Viera Pawliková
|
| 773 |
0 |
|
|t Asian and African studies
|g Roč. 17, č. 1 (1981), s. 121-[132]
|
| 958 |
|
|
|a OND
|
| 958 |
|
|
|a EUIPO
|
| 958 |
|
|
|a article5
|
| 999 |
|
|
|c 1994049
|d 1995979
|